header

The driving forces of evolution (Record no. 14523)

MARC details
000 -LEADER
fixed length control field 01183nam a2200313Ia 4500
082 04 - DEWEY DECIMAL CLASSIFICATION NUMBER
Classification number 576.5/8
100 1# - MAIN ENTRY--AUTHOR NAME
Personal name Wool, David.
245 14 - TITLE STATEMENT
Title The driving forces of evolution
260 ## - PUBLICATION, DISTRIBUTION, ETC. (IMPRINT)
Place of publication Enfield, NH :
Name of publisher Science Publishers,
Year of publication c2006.
300 ## - PHYSICAL DESCRIPTION
Number of Pages xv, 346 p. :
Other physical details ill.
650 #0 - SUBJECT ADDED ENTRY--TOPICAL TERM
Topical Term Evolutionary genetics.
Topical Term Population genetics.
856 40 - ELECTRONIC LOCATION AND ACCESS
Uniform Resource Identifier http://site.ebrary.com/lib/rucke/Doc?id=10256217

No items available.

© 2026 Rongo University
Contact us: librarian | system librarian | Rongo university